000 00342nam a2200133Ia 4500
005 20251222140036.0
008 251222s1900||||xx |||||||||||||| ||spa||
020 _a956-7062-01-2
082 _a128/G77
100 _aGrammatico, GiuseppinaArbea, Antonio, eds.
245 0 _aEl Hombre, Todo el Hombre
264 _bITER Encuentros
942 _cLIB
999 _c3133
_d3133